| 000 | 00000nam 2200000za 4500 |
| 001 | 9.527142 |
| 003 | CaOODSP |
| 005 | 20200327085801 |
| 007 | ta |
| 008 | 150406|1996||||xxc||||| f|0| 0 eng d |
| 020 | |a0-662-62355-X |
| 040 | |aCaOODSP|beng |
| 041 | |aeng |
| 041 | |afre |
| 043 | |an-cn--- |
| 086 | 1 |aC21-25/3-1996 |
| 110 | 1 |aCanada.|bIndustry Canada. |bMicro-Economic Analysis Directorate. |
| 245 | 10|aCanadian corporate governance policy options / |cby Ronald J. Daniels and Randall Morck. |
| 260 | |aOttawa - Ontario : |bIndustry Canada. |c1996. |
| 300 | |aEnglish text, 63p. : |c28 cm. |
| 490 | 1 |aDiscussion paper|v3 |
| 500 | |a"The purpose of this paper is to examine corporate decision-making in Canada and to clarify the factors that, in the past, have sometimes led to less than optimal corporate governance."--Page 1. |
| 504 | |aBibliography. |
| 520 | 3 |aThe purpose of this paper is to examine corporate decision-making in Canada and to clarify the factors that, in the past, have sometimes led to less than optimal corporate governance.--Page 1 |
| 546 | |aBilingual |
| 563 | |aSoftcover |
| 590 | |a97-45|b1997-11-07 |
| 720 | 1 |aMorck, Randall |
| 720 | 1 |aDaniels, Ronald J. |
| 776 | 0#|tCanadian corporate governance policy options |w(CaOODSP)9.571964 |
| 776 | 0#|tLa régie des sociétés au Canada et les choix sur le plan des politiques |w(CaOODSP)9.602384 |
| 792 | |tLa régie des sociétés au Canada et les choix sur le plan des politiques / |efre|w(CaOODSP)9.527143 |
| 830 | #0|aDiscussion paper (Canada. Industry Canada)|v3|w(CaOODSP)9.509054 |